000 00249nam a2200097Ia 4500
082 _aJ 395.122 SHAU
245 0 _aThe pursuit
100 _a WICK, Lori Eugene, Or., (-2003)
_983156
942 _cBK
008 210817s9999 xx 000 0 und d
999 _c302289
_d302288